000
00308nam a2200109Ia 4500
005
20251222114357.0
008
251222s1900||||xx |||||||||||||| ||spa||
082
_a
DVD0093/U61/2006
245
0
_a
La búsqueda del Padre en el cine contemporáneo
264
_b
Universidad Católica Sedes Sapientiae
942
_c
DVD
999
_c
1499
_d
1499